| 000 | 00403nam a2200109Ia 4500 | ||
|---|---|---|---|
| 008 | 230724s9999 xx und d | ||
| 041 | _aeng | ||
| 100 | _aKASU AHMED A. | ||
| 245 | _aINTERIOR DESIGN - AN INTRODUCTION TO ART,CRAFT,SCIENCE TECHNIQUE & PROFESSION OF INTERIOR DESIGN | ||
| 260 | _bASHISH BOOK CENTER ,142,MAHENDRA CHAMBER, DR. D.N. ROAD NEXT TO McDONALDS CST MUMBAI-400001 | ||
| 300 | _a700 | ||
| 999 |
_c1176384 _d1176384 |
||